000 00502 a2200193 4500
001 137994
020 _a9788530980252
040 _cLeonardo Da Vinci
041 _aPortuguês
082 _a340.2 R672s
_bR672s
100 _aROCHA, José Manuel de Sacadura
245 _aSociologia jurídica
_bfundamentos e fronteiras
250 _a5. ed
260 _bForense
_c2018
_aRio de Janeiro
300 _a276
362 _a20180000
697 _aSociologia jurídica
_aCiência jurídica
942 _cBK
999 _c137994
_d137994